Studies in Matthew: (Record no. 6621)
[ view plain ]
| 000 -LEADER | |
|---|---|
| fixed length control field | 00490nam a22001697a 4500 |
| 003 - CONTROL NUMBER IDENTIFIER | |
| control field | GBCCL |
| 005 - DATE AND TIME OF LATEST TRANSACTION | |
| control field | 20241126110607.0 |
| 008 - FIXED-LENGTH DATA ELEMENTS--GENERAL INFORMATION | |
| fixed length control field | 180521b ||||| |||| 00| 0 eng d |
| 040 ## - CATALOGING SOURCE | |
| Transcribing agency | gbc |
| 082 ## - DEWEY DECIMAL CLASSIFICATION NUMBER | |
| Classification number | 226.207 |
| Item number | LEA |
| 100 ## - MAIN ENTRY--PERSONAL NAME | |
| Personal name | Leavell, Roland Q. |
| 9 (RLIN) | 7583 |
| 245 ## - TITLE STATEMENT | |
| Title | Studies in Matthew: |
| Remainder of title | the King and the Kingdom / |
| Statement of responsibility, etc. | Roland Q. Leavell |
| 260 ## - PUBLICATION, DISTRIBUTION, ETC. | |
| Place of publication, distribution, etc. | Nashville: |
| Name of publisher, distributor, etc. | Convention Press, |
| Date of publication, distribution, etc. | 1962 |
| 300 ## - PHYSICAL DESCRIPTION | |
| Extent | 146 p.; |
| Dimensions | 19 cm. |
| 650 ## - SUBJECT ADDED ENTRY--TOPICAL TERM | |
| Topical term or geographic name entry element | Bible |
| Form subdivision | Matthew |
| General subdivision | Commentaries |
| 9 (RLIN) | 11841 |
| 942 ## - ADDED ENTRY ELEMENTS (KOHA) | |
| Source of classification or shelving scheme | Dewey Decimal Classification |
| Koha item type | Books |
| Koha issues (borrowed), all copies | 12 |
| Withdrawn status | Lost status | Source of classification or shelving scheme | Damaged status | Not for loan | Home library | Current Library | Shelving location | Date acquired | Total checkouts | Full call number | Barcode | Date last seen | Date last checked out | Copy number | Price effective from | Koha item type | Total renewals |
|---|---|---|---|---|---|---|---|---|---|---|---|---|---|---|---|---|---|
| Dewey Decimal Classification | GRACE BIBLE COLLEGE | GRACE BIBLE COLLEGE | Biblical Studies | 2018-05-21 | 2 | 226.207 LEA | 007551 | 2025-05-01 | 2020-01-29 | c.1 | 2018-05-21 | Books | |||||
| Dewey Decimal Classification | GRACE BIBLE COLLEGE | GRACE BIBLE COLLEGE | Biblical Studies | 2018-05-21 | 2 | 226.207 LEA | 007552 | 2026-02-03 | 2026-01-27 | c.2 | 2018-05-21 | Books | 1 | ||||
| Dewey Decimal Classification | GRACE BIBLE COLLEGE | GRACE BIBLE COLLEGE | Biblical Studies | 2018-05-21 | 1 | 226.207 LEA | 007553 | 2026-01-28 | 2026-01-23 | c.3 | 2018-05-21 | Books | |||||
| Dewey Decimal Classification | GRACE BIBLE COLLEGE | GRACE BIBLE COLLEGE | Biblical Studies | 2018-05-21 | 1 | 226.207 LEA | 007555 | 2025-05-01 | 2025-02-14 | c.4 | 2018-05-21 | Books | |||||
| Dewey Decimal Classification | GRACE BIBLE COLLEGE | GRACE BIBLE COLLEGE | Biblical Studies | 2018-05-21 | 226.207 LEA | 007558 | 2025-05-01 | c.5 | 2018-05-21 | Books | |||||||
| Dewey Decimal Classification | GRACE BIBLE COLLEGE | GRACE BIBLE COLLEGE | Biblical Studies | 2018-05-21 | 2 | 226.207 LEA | 007559 | 2025-05-01 | 2025-02-13 | c.6 | 2018-05-21 | Books | |||||
| Dewey Decimal Classification | GRACE BIBLE COLLEGE | GRACE BIBLE COLLEGE | Biblical Studies | 2018-05-21 | 5 | 226.207 LEA | 007560 | 2025-05-01 | 2025-02-13 | c.7 | 2018-05-21 | Books | |||||
| Dewey Decimal Classification | GRACE BIBLE COLLEGE | GRACE BIBLE COLLEGE | Biblical Studies | 2018-08-07 | 6 | 226.207 LEA | 013587 | 2025-05-01 | 2025-01-16 | c.8 | 2018-08-07 | Books | 1 |